| 000 | 00932nam a2200229 i 4500 | ||
|---|---|---|---|
| 001 | bg | ||
| 100 | 1 | _aHAJDUK, Sławomira | |
| 245 | 1 | 0 |
_aGospodarowanie środowiskiem przyrodniczym na obszarze Polski północno-wschodniej / _cSławomira Hajduk, Kazimierz Michałowski. |
| 260 |
_aBiałystok : _bDział Wydawnictw i Poligrafii PB, _c2000. |
||
| 300 |
_a258 s., [1] k. tabl. złoż. : _bil., mapa kolor. ; _c23 cm. |
||
| 490 | 1 |
_aRozprawy Naukowe / Politechnika Białostocka, _x0867-096X ; _vnr 68 |
|
| 504 | _aBibliogr. - Indeks. | ||
| 650 | 9 |
_aŚrodowisko człowieka _xgospodarka _zPolska _yod 1989 r. |
|
| 650 | 9 |
_aŚrodowisko człowieka _xhigiena i ochrona _zPolska _yod 1989 r. |
|
| 700 | 1 | _aMICHAŁOWSKI, Kazimierz | |
| 830 | 0 |
_aRozprawy Naukowe (Politechnika Białostocka) ; _vnr 68 |
|
| 040 | _cBPK | ||
| 041 | 0 | _apl | |
| 080 | _a504.03(438)"1989/..."(083.41) | ||
| 942 | _cKS | ||
| 008 | s pl f |000 0 pol | ||
| 999 |
_c37999 _d37999 |
||
| 856 |
_uhttp://koha.tu.koszalin.pl/cgi-bin/koha/opac-detail.pl?biblionumber=37999 _yKatalog online BPK |
||